[Event "V Campeonato de España de Ajedrez por E"]
[Site "Gran Hotel Bali, Benidorm"]
[Date "2012.12.06"]
[Round "2"]
[White "Pino Fernandez, David"]
[Black "Llamas Guevara, Francisco Jose"]
[Result "0-1"]
[WhiteElo "1804"]
[BlackElo "1554"]
[PlyCount "146"]
[EventDate "2012.12.06"]
[EventType "team"]
[EventRounds "6"]
[EventCountry "ESP"]
[WhiteTeam "CLUB AJEDREZ EVA-MANISES"]
[BlackTeam "CLUB DE AJEDREZ LORCA"]

1. d4 e6 2. c4 Bb4+ 3. Bd2 a5 4. Nf3 Qe7 5. e3 d6 6. Nc3 Nf6 7. Be2 O-O 8. O-O
Nbd7 9. a3 Bxc3 10. Bxc3 Ne4 11. Be1 f5 12. Nd2 Nxd2 13. Bxd2 Nf6 14. f3 e5 15.
dxe5 dxe5 16. Bc3 b6 17. Qc2 Qc5 18. Qd2 Qe7 19. Qc2 Qc5 20. Qd2 Qe7 21. Rad1
Bb7 22. Qc2 g6 23. f4 exf4 24. Bxf6 Qxe3+ 25. Kh1 Rxf6 26. Rd3 Qe5 27. c5 Be4
28. Qb3+ Qe6 29. Qxe6+ Rxe6 30. Rd4 Bxg2+ 31. Kxg2 Rxe2+ 32. Rf2 Rxf2+ 33. Kxf2
bxc5 34. Rc4 Rb8 35. Rc2 Rb3 36. Rxc5 Rxb2+ 37. Kf3 Rb3+ 38. Kxf4 Rxa3 39. Rxc7
Rb3 40. Ra7 Rb5 41. Kg5 f4+ 42. Kxf4 Rf5+ 43. Kg4 Rh5 44. h3 Rf5 45. h4 Rb5 46.
Kf4 Rb4+ 47. Kg5 Rb5+ 48. Kg4 h5+ 49. Kf4 Rc5 50. Kg3 Rf5 51. Kh3 Rf3+ 52. Kg2
Ra3 53. Kf2 a4 54. Ke2 Ra1 55. Kd2 a3 56. Kc2 a2 57. Ra3 Rh1 58. Rxa2 Rh2+ 59.
Kb3 Rxa2 60. Kxa2 Kf7 61. Kb2 Kf6 62. Kc2 Kf5 63. Kd2 Kg4 64. Ke2 Kxh4 65. Kf2
Kg4 66. Kg2 Kf4 67. Kh3 g5 68. Kg2 g4 69. Kf2 g3+ 70. Kg2 h4 71. Kh1 Kf3 72.
Kg1 g2 73. Kh2 Kf2 0-1

[Event "V Campeonato de España de Ajedrez por E"]
[Site "Gran Hotel Bali, Benidorm"]
[Date "2012.12.07"]
[Round "3"]
[White "Bru Rullo, Llatzer"]
[Black "Martin Perez, Laura"]
[Result "1-0"]
[WhiteElo "2073"]
[BlackElo "2003"]
[PlyCount "113"]
[EventDate "2012.12.06"]
[EventType "team"]
[EventRounds "6"]
[EventCountry "ESP"]
[WhiteTeam "C. PENYA ESCACS CERDANYOLA"]
[BlackTeam "C.E. LLINARS"]

1. e4 c5 2. Nf3 g6 3. d4 cxd4 4. Nxd4 Nc6 5. Nc3 Bg7 6. Be3 Nf6 7. Bc4 O-O 8.
Bb3 d6 9. f3 Bd7 10. Qd2 Nxd4 11. Bxd4 b5 12. h4 a5 13. h5 a4 14. Bd5 b4 15.
Bxf6 exf6 16. Ne2 f5 17. hxg6 hxg6 18. Bxa8 Qxa8 19. exf5 Bxf5 20. Nd4 Re8+ 21.
Kf2 Qd5 22. c3 a3 23. Rad1 Qxa2 24. Nxf5 gxf5 25. bxa3 Qxd2+ 26. Rxd2 Bxc3 27.
Rd3 Ra8 28. axb4 Bxb4 29. Rd5 Ra2+ 30. Kg3 f4+ 31. Kxf4 Rxg2 32. Rg5+ Rxg5 33.
Kxg5 Kf8 34. Rb1 Bd2+ 35. Kf5 Ke7 36. Rb7+ Kf8 37. f4 Kg7 38. Rb6 Be3 39. Rxd6
Bc5 40. Rd2 Bb4 41. Rg2+ Kf8 42. Kg5 Be7+ 43. Kg4 Bc5 44. Rc2 Bd4 45. Kf5 Kg7
46. Rg2+ Kf8 47. Ke4 Bc3 48. f5 Ke7 49. Rc2 Ba5 50. Rc6 f6 51. Ra6 Bc3 52. Kd5
Be5 53. Ra7+ Ke8 54. Ke6 Kf8 55. Ra2 Bd4 56. Rg2 Be5 57. Rg6 1-0

[Event "V Campeonato de España de Ajedrez por E"]
[Site "Gran Hotel Bali, Benidorm"]
[Date "2012.12.07"]
[Round "3"]
[White "Arnijas Fabregas, Marc"]
[Black "Pozanco Romasanta, Marc"]
[Result "1-0"]
[WhiteElo "1900"]
[BlackElo "2038"]
[PlyCount "55"]
[EventDate "2012.12.06"]
[EventType "team"]
[EventRounds "6"]
[EventCountry "ESP"]
[WhiteTeam "C.E. LLINARS"]
[BlackTeam "C. PENYA ESCACS CERDANYOLA"]

1. e4 Nf6 2. Bc4 d6 3. Nc3 g6 4. d4 Bg7 5. f4 c6 6. Nf3 O-O 7. Be3 d5 8. Bd3
dxe4 9. Nxe4 Nd5 10. Bd2 Qc7 11. Qc1 Nd7 12. O-O c5 13. c4 N5f6 14. d5 Nxe4 15.
Bxe4 Nf6 16. Bd3 b6 17. Bc3 Ba6 18. Be5 Qd7 19. Qc3 b5 20. b3 b4 21. Qc2 Rfe8
22. f5 Ng4 23. fxg6 fxg6 24. Bxg6 Nxe5 25. Nxe5 Bxe5 26. Bf7+ Kh8 27. Be6 Bxh2+
28. Kh1 1-0

[Event "V Campeonato de España de Ajedrez por E"]
[Site "Gran Hotel Bali, Benidorm"]
[Date "2012.12.07"]
[Round "3"]
[White "Garcia Acosta, Roger"]
[Black "Gutierrez Sanchez, Daniel"]
[Result "1-0"]
[WhiteElo "1982"]
[BlackElo "1838"]
[PlyCount "85"]
[EventDate "2012.12.06"]
[EventType "team"]
[EventRounds "6"]
[EventCountry "ESP"]
[WhiteTeam "C. PENYA ESCACS CERDANYOLA"]
[BlackTeam "C.E. LLINARS"]

1. e4 c5 2. Nf3 d6 3. d4 cxd4 4. Nxd4 Nf6 5. f3 a6 6. c4 Nc6 7. Be3 g6 8. Nc3
Bg7 9. Qd2 O-O 10. Be2 Ne8 11. Nb3 Ne5 12. Nd5 Be6 13. Nb6 Rb8 14. a4 Nf6 15.
O-O Nfd7 16. Nd5 Bxd5 17. cxd5 Nf6 18. Qb4 Qd7 19. Rac1 h5 20. h3 Qd8 21. Bb6
Qe8 22. Rc7 Bh6 23. f4 Ned7 24. Ba7 a5 25. Nxa5 b6 26. Nc6 Ra8 27. Bb5 Kh8 28.
Qc4 Rg8 29. e5 dxe5 30. fxe5 Be3+ 31. Kh1 Ng4 32. hxg4 hxg4 33. Qxg4 Kg7 34. g3
Rh8+ 35. Kg2 Rh5 36. Qxd7 Qxd7 37. Rxd7 Rah8 38. Rxe7 Rh2+ 39. Kf3 Bc5 40. Rb7
R8h5 41. Ke4 Rxb2 42. Rfxf7+ Kg8 43. Rfd7 1-0

[Event "V Campeonato de España de Ajedrez por E"]
[Site "Gran Hotel Bali, Benidorm"]
[Date "2012.12.07"]
[Round "3"]
[White "Lafuente Calvillo, Andrea"]
[Black "Garcia Playa, David"]
[Result "1-0"]
[WhiteElo "1758"]
[BlackElo "1969"]
[PlyCount "63"]
[EventDate "2012.12.06"]
[EventType "team"]
[EventRounds "6"]
[EventCountry "ESP"]
[WhiteTeam "C.E. LLINARS"]
[BlackTeam "C. PENYA ESCACS CERDANYOLA"]

1. e4 c5 2. Nf3 Nc6 3. d4 cxd4 4. Nxd4 Nf6 5. Nc3 e5 6. Ndb5 d6 7. Bg5 a6 8.
Na3 Be6 9. Nd5 Bxd5 10. Qxd5 Qb6 11. Bxf6 Qxb2 12. Rb1 Qxa3 13. Kd1 Qc5 14. Bh4
b5 15. a4 Qxd5+ 16. exd5 Nd4 17. axb5 Nxb5 18. Rxb5 Be7 19. Rb4 a5 20. Bb5+ Kd8
21. Bxe7+ Kxe7 22. Ra4 Rhb8 23. c4 Kd8 24. Kc2 Kc7 25. Rb1 Ra7 26. Kd3 f5 27.
f3 Rb6 28. Rba1 Kd8 29. Rxa5 e4+ 30. fxe4 fxe4+ 31. Kxe4 Re7+ 32. Kd3 1-0

[Event "V Campeonato de España de Ajedrez por E"]
[Site "Gran Hotel Bali, Benidorm"]
[Date "2012.12.07"]
[Round "3"]
[White "Nieves Cabanes, Javier"]
[Black "Suarez Gomez, Julio"]
[Result "0-1"]
[WhiteElo "2036"]
[BlackElo "2093"]
[PlyCount "130"]
[EventDate "2012.12.06"]
[EventType "team"]
[EventRounds "6"]
[EventCountry "ESP"]
[WhiteTeam "CLUB AJEDREZ EVA-MANISES"]
[BlackTeam "C.X.F. VIAJES INTERRIAS SANXENXO"]

1. d4 d5 2. c4 e6 3. Nc3 Nf6 4. cxd5 exd5 5. Bg5 Nbd7 6. e3 c6 7. Bd3 Be7 8.
Nge2 O-O 9. Qc2 Re8 10. O-O Nf8 11. Rad1 Be6 12. f3 Ng6 13. Ng3 Rc8 14. Rfe1 b6
15. f4 Bg4 16. Rd2 Nh5 17. Bxe7 Qxe7 18. Nxh5 Bxh5 19. Bf5 Rcd8 20. Rf2 Nf8 21.
e4 dxe4 22. Rxe4 Qd6 23. Bh3 f6 24. Rd2 Rxe4 25. Qxe4 Re8 26. Qf5 Qe7 27. Rf2
Qe1+ 28. Rf1 Qe3+ 29. Kh1 Bg6 30. Qg4 Bd3 31. Rg1 Qxd4 32. Qd1 c5 33. Qd2 Bc4
34. Qc2 Bf7 35. g3 Ne6 36. Rd1 Qc4 37. Bf1 Nd4 38. Bxc4 Nxc2 39. Bxf7+ Kxf7 40.
Nb5 Re7 41. Nd6+ Ke6 42. Nb5 Kf5 43. Rd2 Nd4 44. Nxd4+ cxd4 45. Rxd4 Re2 46. h3
Rxb2 47. g4+ Kg6 48. f5+ Kg5 49. Ra4 a5 50. Kg1 g6 51. fxg6 hxg6 52. a3 f5 53.
h4+ Kh6 54. gxf5 gxf5 55. Rf4 Kg6 56. h5+ Kxh5 57. Rxf5+ Kg4 58. Rd5 Kf3 59.
Rd1 Ke3 60. Kf1 a4 61. Rd7 b5 62. Rd6 b4 63. axb4 a3 64. Ra6 a2 65. Ra3+ Kd4
0-1

[Event "V Campeonato de España de Ajedrez por E"]
[Site "Gran Hotel Bali, Benidorm"]
[Date "2012.12.07"]
[Round "3"]
[White "Segura Santos, Luis"]
[Black "Nieves Cabanes, Jose Manuel"]
[Result "1-0"]
[WhiteElo "1955"]
[BlackElo "1961"]
[PlyCount "98"]
[EventDate "2012.12.06"]
[EventType "team"]
[EventRounds "6"]
[EventCountry "ESP"]
[WhiteTeam "C.X.F. VIAJES INTERRIAS SANXENXO"]
[BlackTeam "CLUB AJEDREZ EVA-MANISES"]

1. e4 c6 2. d4 d5 3. exd5 cxd5 4. c4 Nf6 5. Nc3 Nc6 6. Bg5 Be6 7. c5 g6 8. Bb5
Bg7 9. Nge2 a6 10. Bd3 Bf5 11. Bxf5 gxf5 12. f3 e6 13. a3 h6 14. Bh4 O-O 15. b4
Qd7 16. Na4 Qe8 17. Nb6 Ra7 18. Bg3 Kh7 19. O-O Nd7 20. Na4 Qd8 21. Qd3 Qf6 22.
Rfd1 Raa8 23. Nac3 b5 24. Rab1 h5 25. Nxb5 axb5 26. Qxb5 Rfc8 27. Qd3 Ra4 28.
Bf2 Rb8 29. b5 Ne7 30. Bg3 Rc8 31. b6 Nc6 32. Qb5 Nxd4 33. Nxd4 Rxd4 34. Qxd7
Rd8 35. Qc7 f4 36. Bf2 Rxd1+ 37. Rxd1 Rf8 38. Bd4 e5 39. b7 exd4 40. b8=Q Rxb8
41. Qxb8 d3 42. Qb1 Qd4+ 43. Kh1 Qxc5 44. Qxd3+ Kg8 45. Qxd5 Qxa3 46. Qxh5 Qe7
47. Qd5 Bf6 48. Qe4 Qc7 49. Qf5 Kg7 1-0

[Event "V Campeonato de España de Ajedrez por E"]
[Site "Gran Hotel Bali, Benidorm"]
[Date "2012.12.07"]
[Round "3"]
[White "Vera Juan, Andreu"]
[Black "Abal Cores, Lucas"]
[Result "0-1"]
[WhiteElo "1830"]
[BlackElo "1965"]
[PlyCount "149"]
[EventDate "2012.12.06"]
[EventType "team"]
[EventRounds "6"]
[EventCountry "ESP"]
[WhiteTeam "CLUB AJEDREZ EVA-MANISES"]
[BlackTeam "C.X.F. VIAJES INTERRIAS SANXENXO"]

1. e4 c5 2. c3 d5 3. exd5 Qxd5 4. d4 Nc6 5. Nf3 Bg4 6. Be2 e6 7. Be3 cxd4 8.
cxd4 Nf6 9. O-O Bb4 10. h3 Bh5 11. Nc3 Bxc3 12. bxc3 O-O 13. Qb3 Rac8 14. Rac1
Na5 15. Qxd5 Nxd5 16. c4 Bxf3 17. gxf3 Nb6 18. c5 Nd5 19. Rfd1 Rfd8 20. f4 f5
21. Bf3 Kf7 22. Bxd5 Rxd5 23. Kf1 h6 24. Ke2 Kf6 25. h4 g6 26. Rd3 Nc6 27. a3
Ne7 28. Rb1 Rd7 29. Rdb3 Rcc7 30. Rd3 Nd5 31. Rdd1 Nc3+ 32. Ke1 Nxd1 33. Rxd1
h5 34. Rb1 Ke7 35. Ke2 Kd8 36. Rg1 Rg7 37. Bd2 Kd7 38. Kd3 Kc6 39. Re1 Kd7 40.
Bc3 Rg8 41. Rb1 Kc6 42. Re1 Re7 43. Bb4 Ree8 44. Rb1 b6 45. Rc1 Rg7 46. cxb6+
Kxb6 47. Bc5+ Ka6 48. Rc4 Rb7 49. Ra4+ Kb5 50. Rxa7 Rxa7 51. Bxa7 Ra8 52. Bc5
Ra4 53. Bb4 Ra6 54. Bc5 Rc6 55. Kc3 e5 56. Kd3 exf4 57. Ke2 Re6+ 58. Kf3 Re4
59. Ba7 Kc4 60. Bb6 Kb5 61. Bc5 Ka6 62. Bd6 Rxd4 63. Bxf4 Rd3+ 64. Be3 Rxa3 65.
Kf4 Ra4+ 66. Kg5 Rg4+ 67. Kh6 f4 68. Bd4 f3 69. Be3 Rg2 70. Kh7 Kb5 71. Kh6 Kc6
72. Kh7 Kd7 73. Kh6 Ke6 74. Kh7 Kf5 75. Kh6 {Rg4

[Event "V Campeonato de España de Ajedrez por E"]
[Site "Gran Hotel Bali, Benidorm"]
[Date "2012.12.07"]
[Round "3"]
[White "Lopez Martin, Jaime"]
[Black "Vinuela Diaz, Saul"]
[Result "1/2-1/2"]
[WhiteElo "1816"]
[BlackElo "1935"]
[PlyCount "126"]
[EventDate "2012.12.06"]
[EventType "team"]
[EventRounds "6"]
[EventCountry "ESP"]
[WhiteTeam "CLUB DE AJEDREZ DE BARGAS"]
[BlackTeam "GRUPO 64"]

1. e4 c6 2. d4 d5 3. e5 Bf5 4. Bd3 Bxd3 5. Qxd3 e6 6. Ne2 Nd7 7. Nd2 Ne7 8. Nf3
c5 9. c3 Nc6 10. Bd2 Be7 11. h4 Rc8 12. Rc1 cxd4 13. cxd4 Nb4 14. Qb3 Rxc1+ 15.
Nxc1 Qb6 16. O-O O-O 17. Bxb4 Qxb4 18. Qxb4 Bxb4 19. Nd3 Ba5 20. b4 Bb6 21. Nc5
Bxc5 22. bxc5 Rc8 23. Nd2 b6 24. cxb6 axb6 25. Nb3 f6 26. f4 Kf7 27. Rc1 Rxc1+
28. Nxc1 Kg6 29. Kf2 Kf5 30. Kf3 h5 31. Ne2 Nb8 32. Ng3+ Kg6 33. Ne2 Nc6 34. g4
hxg4+ 35. Kxg4 f5+ 36. Kg3 Kh5 37. Kh3 Kg6 38. Kg3 Kh6 39. Kh3 Kh5 40. Kg3 Kg6
41. Kf3 Kf7 42. a3 Ke8 43. Ke3 g6 44. Nc3 Na5 45. Nb5 Nc4+ 46. Kd3 Kd7 47. a4
Kc6 48. Na7+ Kc7 49. Nb5+ Kd7 50. Nc3 Kc6 51. Ke2 Kd7 52. Kd3 Kc7 53. Nb5+ Kc6
54. Na7+ Kd7 55. Nb5 Kd8 56. Nc3 Kc8 57. Nb5 Nb2+ 58. Kc3 Nxa4+ 59. Kd3 Nb2+
60. Kc3 Nd1+ 61. Kd2 Nb2 62. Kc3 Nc4 63. Kc2 Nb2 1/2-1/2

[Event "V Campeonato de España de Ajedrez por E"]
[Site "Gran Hotel Bali, Benidorm"]
[Date "2012.12.07"]
[Round "3"]
[White "Villarroya Pique, Alberto"]
[Black "Alonso Vara, Maria"]
[Result "0-1"]
[WhiteElo "1652"]
[BlackElo "1836"]
[PlyCount "57"]
[EventDate "2012.12.06"]
[EventType "team"]
[EventRounds "6"]
[EventCountry "ESP"]
[WhiteTeam "GRUPO 64"]
[BlackTeam "CLUB DE AJEDREZ DE BARGAS"]

1. c4 Nf6 2. Nc3 e6 3. Nf3 b6 4. g3 Bb7 5. Bg2 d5 6. d4 Nbd7 7. O-O dxc4 8. Qa4
a6 9. Qxc4 Be7 10. Rd1 O-O 11. Bf4 Bd6 12. Ne5 Bxg2 13. Kxg2 Qc8 14. Nc6 Qb7
15. d5 b5 16. Qd3 Nxd5 17. Qf3 Qxc6 18. Nxd5 exd5 19. Bxd6 cxd6 20. Qxd5 Qxd5+
21. Rxd5 Nc5 22. Rxd6 Rfd8 23. Rc6 Rdc8 24. Rd6 Kf8 25. Rad1 Ne6 26. R1d2 Rd8
27. Rxd8+ Rxd8 28. Rc2 Ke7 29. Kf3 0-1

[Event "V Campeonato de España de Ajedrez por E"]
[Site "Gran Hotel Bali, Benidorm"]
[Date "2012.12.07"]
[Round "3"]
[White "Bustos Bernardo, Samuel"]
[Black "Yanes Crespo, Javier"]
[Result "1-0"]
[WhiteElo "1617"]
[BlackElo "1620"]
[PlyCount "119"]
[EventDate "2012.12.06"]
[EventType "team"]
[EventRounds "6"]
[EventCountry "ESP"]
[WhiteTeam "CLUB DE AJEDREZ DE BARGAS"]
[BlackTeam "GRUPO 64"]

1. d4 Nf6 2. c4 e6 3. Nc3 d5 4. Bg5 Be7 5. Nf3 c6 6. e3 Nbd7 7. Bd3 h6 8. Bh4
O-O 9. O-O dxc4 10. Bxc4 Nd5 11. Bxe7 Qxe7 12. e4 N5f6 13. Qe2 c5 14. e5 Ne8
15. d5 a6 16. d6 Nxd6 17. exd6 Qxd6 18. Rfd1 Qe7 19. a4 b6 20. Rd2 Rd8 21. Rad1
Bb7 22. Nd5 Bxd5 23. Bxd5 Rab8 24. Bc6 Nf6 25. Qxa6 Qc7 26. Rxd8+ Rxd8 27.
Rxd8+ Qxd8 28. Qa8 Qxa8 29. Bxa8 Nd5 30. Ne5 Nb4 31. Be4 f6 32. Nc4 f5 33. Bb1
Nd5 34. Kf1 Kf7 35. Ke2 Kf6 36. g3 e5 37. Ne3 Ne7 38. Ba2 g5 39. Nd5+ Nxd5 40.
Bxd5 Ke7 41. b3 Kd6 42. Bc4 e4 43. Ke3 Ke5 44. f4+ Kf6 45. h4 gxh4 46. gxh4 Ke7
47. h5 Kd6 48. Kd2 Ke7 49. Kc3 Kd6 50. b4 e3 51. b5 Ke7 52. Kd3 e2 53. Kxe2 Kd6
54. Kd3 Ke7 55. Bd5 Kd6 56. Kc4 Ke7 57. Bg8 Kd6 58. Bh7 Ke6 59. a5 bxa5 60.
Kxc5 1-0

[Event "V Campeonato de España de Ajedrez por E"]
[Site "Gran Hotel Bali, Benidorm"]
[Date "2012.12.07"]
[Round "3"]
[White "Villarroya Pique, Gerard"]
[Black "Alonso Vara, Laura"]
[Result "0-1"]
[WhiteElo "1577"]
[BlackElo "1570"]
[PlyCount "100"]
[EventDate "2012.12.06"]
[EventType "team"]
[EventRounds "6"]
[EventCountry "ESP"]
[WhiteTeam "GRUPO 64"]
[BlackTeam "CLUB DE AJEDREZ DE BARGAS"]

1. d4 Nf6 2. c4 e6 3. Nf3 b6 4. g3 Bb7 5. Bg2 Bb4+ 6. Nbd2 O-O 7. O-O d5 8. Qb3
Bxd2 9. Nxd2 dxc4 10. Nxc4 Bxg2 11. Kxg2 Qxd4 12. Qc2 Qe4+ 13. Qxe4 Nxe4 14.
Rd1 c5 15. Bf4 Nf6 16. Rac1 Nd5 17. Bd6 Re8 18. e4 Nf6 19. f3 Nc6 20. Ne3 Rac8
21. e5 Nd7 22. f4 h6 23. a3 Nf8 24. Rc3 Nd7 25. Rdc1 Nd4 26. Kf2 Nb5 27. Rd3
Nd4 28. Rdc3 Nb5 29. Rd3 Nd4 30. b4 Nb5 31. a4 Nxd6 32. Rxd6 Nf8 33. bxc5 bxc5
34. Ra6 Re7 35. Ra5 Rec7 36. Nc4 Rb8 37. Rc2 Nd7 38. Nd6 Ra8 39. Ne4 c4 40. Nd6
Nb6 41. Ke3 c3 42. Kd3 Nd5 43. Nb5 Nb4+ 44. Ke2 Nxc2 45. Nxc7 Nd4+ 46. Ke3 c2
47. Rc5 Rd8 48. Nb5 Nxb5 49. axb5 Rd5 50. Rxd5 c1=Q+ 0-1

[Event "V Campeonato de España de Ajedrez por E"]
[Site "Gran Hotel Bali, Benidorm"]
[Date "2012.12.08"]
[Round "4"]
[White "Suarez Gomez, Julio"]
[Black "Lopez Martin, Jaime"]
[Result "1-0"]
[WhiteElo "2093"]
[BlackElo "1816"]
[PlyCount "71"]
[EventDate "2012.12.06"]
[EventType "team"]
[EventRounds "6"]
[EventCountry "ESP"]
[WhiteTeam "C.X.F. VIAJES INTERRIAS SANXENXO"]
[BlackTeam "CLUB DE AJEDREZ DE BARGAS"]

1. e4 c6 2. d4 d5 3. exd5 Qxd5 4. Nc3 Qa5 5. Bc4 Nf6 6. Nf3 Bg4 7. Qd3 Bf5 8.
Qe2 e6 9. Bd2 Qc7 10. O-O-O Nbd7 11. Ne5 Nb6 12. Bb3 Nbd5 13. Nxd5 Nxd5 14. g4
Bg6 15. h4 O-O-O 16. h5 f6 17. hxg6 fxe5 18. Rxh7 Rxh7 19. gxh7 Bd6 20. dxe5
Bxe5 21. Re1 Bf6 22. Qxe6+ Kb8 23. Bxd5 cxd5 24. g5 Bd4 25. Rh1 g6 26. Qxg6 a6
27. Qd3 Bh8 28. f4 Qb6 29. Bc3 d4 30. Bd2 Qe6 31. Kb1 Qd5 32. Rg1 Rf8 33. a3
Bg7 34. Re1 Qd6 35. f5 Ka8 36. Bb4 1-0

[Event "V Campeonato de España de Ajedrez por E"]
[Site "Gran Hotel Bali, Benidorm"]
[Date "2012.12.08"]
[Round "4"]
[White "Alonso Vara, Maria"]
[Black "Segura Santos, Luis"]
[Result "1-0"]
[WhiteElo "1836"]
[BlackElo "1955"]
[PlyCount "105"]
[EventDate "2012.12.06"]
[EventType "team"]
[EventRounds "6"]
[EventCountry "ESP"]
[WhiteTeam "CLUB DE AJEDREZ DE BARGAS"]
[BlackTeam "C.X.F. VIAJES INTERRIAS SANXENXO"]

1. e4 c5 2. Nf3 d6 3. d4 Nf6 4. Nc3 cxd4 5. Nxd4 a6 6. Be2 e5 7. Nb3 Be7 8. Be3
O-O 9. f3 Be6 10. Qd2 Nbd7 11. g4 b5 12. g5 Nh5 13. Rg1 Nb6 14. O-O-O b4 15.
Nd5 Nxd5 16. exd5 Bf5 17. Bd3 Bg6 18. Qxb4 Qd7 19. Qg4 Qc7 20. Qc4 Qd7 21. Na5
Rab8 22. Nc6 Rb7 23. Qxa6 Bd8 24. Rd2 f5 25. Bb5 Qf7 26. Nxd8 Rxd8 27. Bc6 Re7
28. a4 f4 29. Bb6 Rf8 30. Qe2 e4 31. a5 exf3 32. Qf2 Re2 33. Rxe2 fxe2 34. Qxe2
f3 35. Qe6 Nf4 36. Qxf7+ Bxf7 37. Rf1 Bxd5 38. Bxd5+ Nxd5 39. Kd2 Rf5 40. Bd8
Rf8 41. c4 Rxd8 42. cxd5 Rb8 43. Kc3 Rc8+ 44. Kd4 Rb8 45. Rxf3 Rxb2 46. Ra3
Rb4+ 47. Kc3 Rb8 48. a6 Kf7 49. a7 Ra8 50. Kb4 Ke7 51. Kb5 Kd7 52. Kb6 Kc8 53.
Rc3+ 1-0

[Event "V Campeonato de España de Ajedrez por E"]
[Site "Gran Hotel Bali, Benidorm"]
[Date "2012.12.08"]
[Round "4"]
[White "Abal Cores, Lucas"]
[Black "Hernandez Mateo, Borja"]
[Result "1/2-1/2"]
[WhiteElo "1965"]
[BlackElo "1783"]
[PlyCount "139"]
[EventDate "2012.12.06"]
[EventType "team"]
[EventRounds "6"]
[EventCountry "ESP"]
[WhiteTeam "C.X.F. VIAJES INTERRIAS SANXENXO"]
[BlackTeam "CLUB DE AJEDREZ DE BARGAS"]

1. e4 c5 2. c3 d5 3. exd5 Qxd5 4. d4 e5 5. Nf3 exd4 6. cxd4 cxd4 7. Nxd4 Bb4+
8. Nc3 Qc5 9. Nde2 Nf6 10. Be3 Qe7 11. h3 O-O 12. a3 Rd8 13. Qc2 Bc5 14. Nd1
Bxe3 15. Nxe3 Nc6 16. Rd1 Rxd1+ 17. Qxd1 Be6 18. Nf4 Rd8 19. Qc1 Bb3 20. Be2
Nd4 21. Bd3 Qe5 22. Ne2 Nxe2 23. Bxe2 Qa5+ 24. Qc3 Qxc3+ 25. bxc3 Nd5 26. Bd1
Bxd1 27. Nxd1 Nf4 28. Ne3 Rd3 29. g3 Ne6 30. Nd1 Rd5 31. Ne3 Ra5 32. Nc2 Nc5
33. f3 Nd3+ 34. Ke2 Ne5 35. Rd1 g6 36. Rd4 Rc5 37. f4 Nc6 38. Rd3 Ne7 39. Ne3
Ra5 40. Rd7 Kf8 41. Rd8+ Kg7 42. Rd7 Kf8 43. Rxb7 Rxa3 44. c4 a5 45. Kd2 a4 46.
c5 Ke8 47. g4 Ra1 48. Nc4 a3 49. Ra7 a2 50. Kc2 Rf1 51. Rxa2 Rxf4 52. Ra8+ Kd7
53. Ra7+ Ke6 54. Kb3 Rf3+ 55. Ka4 Rxh3 56. Nd6 Rh4 57. Kb5 Rxg4 58. Ra1 h5 59.
Re1+ Kd7 60. Nxf7 Rg2 61. Ne5+ Kc7 62. Rd1 Rb2+ 63. Kc4 Nf5 64. Rg1 Rc2+ 65.
Kb4 Rb2+ 66. Kc3 Re2 67. Nxg6 h4 68. Kd3 Rh2 69. Rg5 Ng3 70. Nxh4 1/2-1/2

[Event "V Campeonato de España de Ajedrez por E"]
[Site "Gran Hotel Bali, Benidorm"]
[Date "2012.12.08"]
[Round "4"]
[White "Bustos Bernardo, Samuel"]
[Black "Bayon Rolo, Juan Andres"]
[Result "0-1"]
[WhiteElo "1617"]
[BlackElo "1637"]
[PlyCount "190"]
[EventDate "2012.12.06"]
[EventType "team"]
[EventRounds "6"]
[EventCountry "ESP"]
[WhiteTeam "CLUB DE AJEDREZ DE BARGAS"]
[BlackTeam "C.X.F. VIAJES INTERRIAS SANXENXO"]

1. d4 d5 2. c4 e6 3. Nc3 Nf6 4. Bg5 Nbd7 5. Nf3 c6 6. e3 Qa5 7. Nd2 Bb4 8. Qc2
O-O 9. a3 dxc4 10. Bxf6 Nxf6 11. Nxc4 Bxc3+ 12. bxc3 Qd5 13. Nd2 c5 14. Nf3
cxd4 15. cxd4 Bd7 16. Bd3 Qa5+ 17. Qd2 Qxd2+ 18. Kxd2 Bc6 19. h3 Rfd8 20. Rhg1
Rac8 21. Rac1 Bd5 22. Ke2 Ne4 23. Bxe4 Bxe4 24. g3 f6 25. Nd2 Bc6 26. Nb3 b6
27. Kd2 Kf7 28. Rc3 Bd5 29. Rgc1 Rxc3 30. Rxc3 Rd7 31. Nc1 e5 32. dxe5 fxe5 33.
Kc2 Ke6 34. Ne2 Be4+ 35. Kc1 Bf3 36. Rc2 Rf7 37. Nc3 Bc6 38. Rd2 e4 39. Kb2 h6
40. Ne2 Ke5 41. Nd4 Be8 42. Rc2 Kd5 43. Kc1 Ba4 44. Rd2 Ke5 45. Kb2 Be8 46. Kb3
g5 47. g4 Rc7 48. Nf5 h5 49. Rd8 Bf7+ 50. Kb2 hxg4 51. hxg4 Be6 52. Re8 Rf7 53.
Kc3 Rc7+ 54. Kd2 Rd7+ 55. Ke2 Kf6 56. Rf8+ Ke5 57. Ke1 Rc7 58. Kd2 Rc8 59. Rxc8
Bxc8 60. Nd4 Bxg4 61. Nc6+ Kd6 62. Nxa7 Bd7 63. Kc3 Kc5 64. a4 Bxa4 65. Nc8 b5
66. Ne7 b4+ 67. Kb2 Kc4 68. Nf5 Kd3 69. Ng3 Bd1 70. Kc1 Bf3 71. Kb2 Bd1 72. Kc1
b3 73. Kb2 Bc2 74. Kc1 Kc4 75. Kb2 Kd5 76. Nf5 Kc4 77. Ng3 Kb4 78. Nf5 Bd1 79.
Ng3 Bf3 80. Nf5 Bg4 81. Nd4 Bd1 82. Nf5 Bc2 83. Nd4 Bd1 84. Nf5 Kc4 85. Kc1 Kc3
86. Nd4 Bg4 87. Nb5+ Kb4 88. Nd4 Ka3 89. Kb1 Bd7 90. Ne2 Bb5 91. Nc1 b2 92. Kc2
Bd3+ 93. Nxd3 exd3+ 94. Kxd3 b1=Q+ 95. Kd4 Qb2+ 0-1

[Event "V Campeonato de España de Ajedrez por E"]
[Site "Gran Hotel Bali, Benidorm"]
[Date "2012.12.08"]
[Round "4"]
[White "Lozano Osorio, Isaac"]
[Black "Bru Rullo, Llatzer"]
[Result "0-1"]
[WhiteElo "1641"]
[BlackElo "2073"]
[PlyCount "46"]
[EventDate "2012.12.06"]
[EventType "team"]
[EventRounds "6"]
[EventCountry "ESP"]
[WhiteTeam "C. NUESTRO AJEDREZ EN EUROPA - VILLAFRAN"]
[BlackTeam "C. PENYA ESCACS CERDANYOLA"]

1. d4 d5 2. Nf3 e6 3. e3 Bd6 4. Bd3 Nd7 5. c4 c6 6. Nc3 Ngf6 7. O-O O-O 8. cxd5
exd5 9. Re1 Re8 10. e4 dxe4 11. Nxe4 Nxe4 12. Rxe4 Rxe4 13. Bxe4 Nf6 14. Bg5 h6
15. Bxf6 Qxf6 16. Qd3 Be6 17. b3 Rd8 18. Rd1 Bc7 19. Qc3 Bg4 20. Qc4 Qf4 21. d5
Bxf3 22. Bxf3 Qxh2+ 23. Kf1 Bb6 0-1

[Event "V Campeonato de España de Ajedrez por E"]
[Site "Gran Hotel Bali, Benidorm"]
[Date "2012.12.08"]
[Round "4"]
[White "Pozanco Romasanta, Marc"]
[Black "De Giorgi Benavent, Cosimo Leo"]
[Result "1-0"]
[WhiteElo "2038"]
[BlackElo "1572"]
[PlyCount "58"]
[EventDate "2012.12.06"]
[EventType "team"]
[EventRounds "6"]
[EventCountry "ESP"]
[WhiteTeam "C. PENYA ESCACS CERDANYOLA"]
[BlackTeam "C. NUESTRO AJEDREZ EN EUROPA - VILLAFRAN"]

1. d4 Nf6 2. c4 g6 3. Nc3 Bg7 4. e4 d6 5. Be2 O-O 6. Bg5 Nbd7 7. Qd2 e5 8. d5
a6 9. f3 Qe8 10. g4 Nc5 11. h4 Bd7 12. h5 Rb8 13. Bh6 Qe7 14. Bxg7 Kxg7 15. Bd1
b5 16. b4 Nb7 17. cxb5 axb5 18. Be2 Nd8 19. Bf1 Rh8 20. Nge2 c6 21. Ng3 cxd5
22. g5 Ng8 23. Nxd5 Qe8 24. h6+ Kf8 25. Ne2 Bc6 26. Nec3 Ne6 27. Nf6 Nxf6 28.
Qxd6+ Qe7 29. Qxb8+ Qd8 1-0

[Event "V Campeonato de España de Ajedrez por E"]
[Site "Gran Hotel Bali, Benidorm"]
[Date "2012.12.08"]
[Round "4"]
[White "Simon Escalona, Irene"]
[Black "Garcia Acosta, Roger"]
[Result "0-1"]
[WhiteElo "1525"]
[BlackElo "1982"]
[PlyCount "102"]
[EventDate "2012.12.06"]
[EventType "team"]
[EventRounds "6"]
[EventCountry "ESP"]
[WhiteTeam "C. NUESTRO AJEDREZ EN EUROPA - VILLAFRAN"]
[BlackTeam "C. PENYA ESCACS CERDANYOLA"]

1. e4 e5 2. Nf3 Nc6 3. Bc4 Bc5 4. O-O Nf6 5. d3 h6 6. c3 d6 7. Bb3 O-O 8. Nbd2
a6 9. h3 Ba7 10. Re1 Nh5 11. Nf1 Qf6 12. Ne3 Nf4 13. Ng4 Bxg4 14. hxg4 Rad8 15.
Be3 Bxe3 16. Rxe3 d5 17. Bc2 d4 18. Re1 dxc3 19. bxc3 Rd7 20. Re3 Rfd8 21. Rb1
b6 22. a3 Qe7 23. a4 Qc5 24. Qd2 Na5 25. Rb4 f6 26. g3 Ne6 27. Qe1 Qd6 28. d4
exd4 29. cxd4 Nc6 30. Rb1 Nexd4 31. Nxd4 Nxd4 32. Rd3 Nxc2 33. Rxd6 Nxe1 34.
Rxd7 Rxd7 35. Rxe1 Rd4 36. Rc1 Rxa4 37. Rxc7 Rxe4 38. Rb7 Rb4 39. Rd7 Rxg4 40.
Rd2 Rb4 41. Ra2 a5 42. Kf1 a4 43. Ke1 b5 44. Kd1 Rb3 45. Kc1 a3 46. Kc2 Rb2+
47. Rxb2 axb2 48. Kxb2 h5 49. f3 g5 50. Kc3 h4 51. gxh4 gxh4 0-1